| 000 | 00363nam a22001217a 4500 | ||
|---|---|---|---|
| 999 |
_c289 _d289 |
||
| 005 | 20200812112311.0 | ||
| 008 | 200812b ||||| |||| 00| 0 eng d | ||
| 020 | _a85650 | ||
| 040 | _cCML | ||
| 245 |
_aInspiring Messsages for Daily Living. _cPeale, N.V. |
||
| 260 |
_aKingwood _bThe World's Work Ltd _c1913 |
||
| 942 |
_2ddc _cBK _e1st Edition _h248 _mPEA |
||